Československé majetkové účasti a ich aplikácia v podmienkach PZO MARTIMEX záverečná práca postgraduálneho štúdia

Gespeichert in:
Bibliographische Detailangaben
1. Verfasser: Líška, Jozef
Körperschaft: Vysoká škola ekonomická v Bratislave
Weitere Verfasser: Sipko, Juraj
Format: Buch
Sprache:Slowakisch
Veröffentlicht: Bratislava 1990
Tags: Tag hinzufügen
Keine Tags, Fügen Sie das erste Tag hinzu!

MARC

LEADER 00000nam a2200000 4500
001 c022128
005 20221215070351.8
041 0 |a slo 
044 |a SK 
245 1 0 |a Československé majetkové účasti a ich aplikácia v podmienkach PZO MARTIMEX  |b záverečná práca postgraduálneho štúdia  |c Jozef Líška ; Ved. práce Sipko 
264 1 |a Bratislava  |c 1990 
300 |a 51 s. 
100 1 |a Líška, Jozef 
700 1 |a Sipko, Juraj 
710 2 |a Vysoká škola ekonomická v Bratislave